MARC

LEADER 00000nam0a2200000 4500
001 304680
005 20231102001727.0
020 |a RU  |b 83-56601 
035 |a (RuTPU)RU\TPU\book\329927 
090 |a 304680 
100 |a 20150917d1983 km y0rusy5003 ca 
101 0 |a rus 
102 |a RU 
105 |a y z 001zy 
200 1 |a Проблема оптимального распределения в социально-экономических задачах и кооперативные игры  |f С. Л. Печерский, А. И. Соболев  |g Академия наук СССР (АН СССР), Институт социально-экономических проблем ; под ред. Е. Б. Яновской 
210 |a Ленинград  |c Наука  |d 1983 
215 |a 176 с. 
320 |a Библиогр.: с. 173-175 
606 1 |a Оптимальные решения в экономике  |x Экономико-математические модели  |2 stltpush  |3 (RuTPU)RU\TPU\subj\70521  |9 84758 
610 1 |a экономика 
610 1 |a игр теория 
610 1 |a математические методы 
610 1 |a кооперативные игры 
610 1 |a оптимальное распределение 
610 1 |a функциональные уравнения 
610 1 |a решения 
686 |a Ув631.5  |2 rubbk 
700 1 |a Печерский  |b С. Л.  |g Сергей Львович  |4 070 
701 1 |a Соболев  |b А. И.  |g Аркадий Исакович  |4 070 
702 1 |a Яновская  |b Е. Б.  |4 340 
712 0 2 |a Академия наук СССР (АН СССР)  |b Институт социально-экономических проблем  |2 stltpush  |3 (RuTPU)RU\TPU\col\12416 
801 0 |a RU  |b RuMRKP  |c 19950704  |g psbo 
801 1 |a RU  |b 63413507  |c 20150917 
801 2 |a RU  |b 63413507  |c 20220916  |g RCR 
942 |c BK